Culture Générale - Série 1515 - Statistiques

Statistiques générales
  • Ce quiz a été pris 162 fois
  • Le résultat moyen est 7 sur 10
Statistiques - réponses
Question Réponse % Correct
Quelle est la langue officielle du Liechtenstein ? allemand
95%
Dans quelle capitale européenne se trouve le fameux musée du Prado ? Madrid
95%
Quel pays a pour drapeau national un carré rouge, avec en son centre une croix blanche ? Suisse
93%
Le 25 juillet 1593, en la basilique de Saint-Denis, quelle religion le roi de France Henri IV, abjure-t-il ? protestantisme
75%
Dans le Coran, quel archange, nommé "Jebrail" en arabe, révèle à Mahomet sa vocation de prophète ? Gabriel
64%
Quel terme désigne à la fois un chanteur à la voix aiguë, et un personnage très en vue dans l'activité qu'il exerce ? ténor
59%
Quelle ville de l'Illinois, située au bord du lac Michigan, est surnommée "Windy City" ? Chicago
57%
Juliette Gréco chantait : "Déshabillez-moi, déshabillez-moi. Oui mais pas tout de suite, pas... trop vite
52%
Quel mot, issu du néerlandais, désigne une terre littorale asséchée, gagnée sur la mer ? polder
45%
Quel acteur américain incarne au cinéma George Taylor dans "La Planète des singes" en 1968 ? Charlton Heston
26%
Aucun quiz correspondant
Distribution des résultats
% des personnes avec chaque résultat
Percentile par nombre de réponses
Votre historique - résultats
Vous n’avez pas pris ce quiz